000 00313nam a2200121 4500
082 0 _a401
100 1 _aOhiri, Adam Cholong
245 1 0 _aLanguage policy and planning in the southern sudan
_cAdam Cholong Ohiri
260 _aKhartoum
_cc.1990
300 _a92 p.
700 1 _aOhiri, Adam Cholong
942 _2ddc
_cBK
999 _c64007
_d63981